Christmas

Bibliographic Details
Main Author: Bliss, Helen
Format: Book
Published: London : Watts Books , 1995
Subjects:

MARC

LEADER 00000cam a2200000 7i4500
001 0000007681
002 000008251
005 20000330.0
020 |a 0749615273 
090 0 0 |a J 745   |b BLI 
100 1 |a Bliss, Helen 
245 1 0 |a Christmas   |c Helen Bliss 
260 |a London :   |b Watts Books ,   |c 1995 
300 |a 24p. ;   |c 22cm. 
650 0 0 |a Juvenile literature 
999 |a 052492   |b BUKU   |c PINJAMAN   |e PERPUSTAKAAN KOMUNITI PETALING JAYA